Word Ladder: Himalayan Haven Quiz Stats

 Plays Quiz Updated Feb 13, 2017

Support Sporcle.
Go Orange.
Score 0/16 Timer 01:30
0 Plays Today
Clue 3-Letter Word % Correct
A possible nickname for Kathryn• KAT •
98.3%
An adult male• MAN •
98.3%
Floor covering of a wrestling ringMAT
97.7%
Cow utteranceMOO
94.6%
A dog or a cat, for examplePET
91.9%
Bartender on 'The Simpsons'MOE
90.6%
Aykroyd or Rather, for exampleDAN
90.1%
___-wop (music genre)• DOO •
90%
Clue 3-Letter Word % Correct
Put on clothesDON
87.2%
Good friend• PAL •
86.6%
Author of 'The Raven'POE
85.7%
Portion of butterPAT
84.2%
A useful item for fishingNET
78.8%
Name-change indicator• NÉE •
69.6%
Sales chart metaphorPIE
57%
Never, in BerlinNIE
55.6%

Today's Daily Dose

Missing Word
Chiwetel Ejiofor

Word Ladder
ONG Words

Quick Pick
Dune

Get the Picture
Where in the Orchestra

From the Vault

Sliced Movies V

by babymonkee

Movies 6m
Mmm...Pass me a slice of that movie.
Remove Ads.
Support Sporcle.
Get the best of Sporcle when you Go Orange. This ad-free experience offers more features, more stats, and more fun while also helping to support Sporcle. Thank you for becoming a member.

Show Comments

Extras

Top Quizzes Today


Score Distribution

Your Account Isn't Verified!

In order to create a playlist on Sporcle, you need to verify the email address you used during registration. Go to your Sporcle Settings to finish the process.

Report this User

Report this user for behavior that violates our Community Guidelines.

Details: